| 000 | 01833nam a2200481 i 4500 | ||
|---|---|---|---|
| 001 | 29976 | ||
| 003 | KOSZ 005 | ||
| 005 | 20200814102127.0 | ||
| 008 | 970510s1993 pl a f |000 0 pol | ||
| 015 | _aPB 1995/2423 | ||
| 020 | _a838612301X | ||
| 035 | _a(OCoLC)830050080 | ||
| 040 |
_aWA N _cWA N _dKOSZ 005/HR |
||
| 041 | 0 |
_apol _beng |
|
| 046 | _k1993 | ||
| 080 | _a532 | ||
| 080 | _a536.7 | ||
| 100 | 1 |
_aRasmus, Andrzej _eAutor |
|
| 245 | 1 | 0 |
_aTeoretyczny model procesu wrzenia w przepływie : _bporównanie metody wyznaczania współczynnika przejmowania ciepła z istniejącymi korelacjami / _cAndrzej Rasmus. |
| 260 |
_aKoszalin : _bWydaw. Uczelniane WSI, _c1993. |
||
| 300 |
_a72 s. : _bwykr. ; _c24 cm. |
||
| 336 |
_2rdacontent _aTekst _btxt |
||
| 337 |
_2rdamedia _aBez urządzenia pośredniczącego _bn |
||
| 338 |
_2rdacarrier _aWolumin |
||
| 380 | _aKsiążki | ||
| 380 | _aPublikacje naukowe | ||
| 388 | 1 | _a1901-2000. | |
| 388 | 1 | _a1989-2000. | |
| 490 | 1 |
_a[Monografie] / Wyższa Szkoła Inżynierska w Koszalinie, _x0239-7129 ; _vnr 48. |
|
| 500 | _aNa s. red. : Monografia Wydziału Mechanicznego. | ||
| 504 | _aBibliografia na stronach 16-17. | ||
| 546 | _aStreszczenie ang. | ||
| 650 | 4 | _aWrzenie | |
| 650 | 4 | _aPrzepływ | |
| 650 | 4 | _aModele matematyczne | |
| 655 | 4 | _aMonografia | |
| 658 | _aInżynieria i technika | ||
| 710 | 2 |
_aWydawnictwo Uczelniane (Wyższa Szkoła Inżynierska ; Koszalin) _4pbl. |
|
| 830 | 0 |
_aMonografie - Wyższa Szkoła Inżynierska, Koszalin ; _v48. |
|
| 856 |
_uhttp://koha.tu.koszalin.pl/cgi-bin/koha/opac-detail.pl?biblionumber=29976 _yKatalog online BPK |
||
| 856 |
_uhttp://dlibra.tu.koszalin.pl/dlibra/docmetadata?id=978&from=&dirids=1&ver_id=&lp=2&QI= _yBiblioteka Cyfrowa |
||
| 942 |
_2UKD _cKS |
||
| 999 |
_c29976 _d29976 |
||